The pig's tale = ang kuwento tungkol sa baboy / (Record no. 306587)
[ view plain ]
| 000 -LEADER | |
|---|---|
| fixed length control field | 00742nam a2200229Ia 4500 |
| 008 - FIXED-LENGTH DATA ELEMENTS--GENERAL INFORMATION | |
| fixed length control field | 170203s9999 xx 000 0 und d |
| 020 ## - INTERNATIONAL STANDARD BOOK NUMBER | |
| International Standard Book Number | 9717174598 |
| 050 ## - LIBRARY OF CONGRESS CALL NUMBER | |
| Classification number | Fic |
| 050 ## - LIBRARY OF CONGRESS CALL NUMBER | |
| Item number | R883t |
| 100 ## - MAIN ENTRY--PERSONAL NAME | |
| Personal name | Rowlands, Avril. |
| 245 #4 - TITLE STATEMENT | |
| Title | The pig's tale = ang kuwento tungkol sa baboy / |
| 245 ## - TITLE STATEMENT | |
| Statement of responsibility, etc | Avril Rowlands ; [Tagalog translations by Joe Arceo ; edited by Letty Paler ; illustrations by Zius Bondoc]. |
| 260 ## - PUBLICATION, DISTRIBUTION, ETC. (IMPRINT) | |
| Place of publication, distribution, etc | Makati, Philippines : |
| 260 ## - PUBLICATION, DISTRIBUTION, ETC. (IMPRINT) | |
| Name of publisher, distributor, etc | Church Strengthening Ministry, |
| 300 ## - PHYSICAL DESCRIPTION | |
| Extent | 24 pages : |
| 300 ## - PHYSICAL DESCRIPTION | |
| Other physical details | color illustrations. |
| 440 ## - SERIES STATEMENT/ADDED ENTRY--TITLE | |
| Title | Tales from the |
| 440 ## - SERIES STATEMENT/ADDED ENTRY--TITLE | |
| Volume number/sequential designation | Ark, 2. |
| 700 ## - ADDED ENTRY--PERSONAL NAME | |
| Personal name | Arceo, Joe, translated by |
| 700 ## - ADDED ENTRY--PERSONAL NAME | |
| Personal name | Bondoc, Zius, illustrations by : |
| 700 ## - ADDED ENTRY--PERSONAL NAME | |
| Personal name | Paler, Letty, edited by ; |
| Withdrawn status | Lost status | Damaged status | Home library | Current library | Shelving location | Date acquired | Total Checkouts | Full call number | Barcode | Date last seen | Price effective from | Koha item type |
|---|---|---|---|---|---|---|---|---|---|---|---|---|
| Stonyhurst Southville International School (Batangas) | Stonyhurst Southville International School (Batangas) | 02/03/2017 | Fic .R883t | LS-0136 | 02/03/2017 | 02/03/2017 | Books |